000 00761nam a2200253Ia 4500
003 OSt
005 20220928100058.0
006 a|||||r|||| 00| 0
007 ta
008 220927b |||||||| |||| 00| 0 eng d
020 _c656.63999999999999
024 _a69781
037 _b341, 19/02/2013, Classic Book Service
_cTextual
040 _aSDCL
_cSDCL
_beng
041 _2eng
_aeng
082 _aO-944,3NVS,2, P8
100 _aSingh Vandana
_9391589
245 0 _aDistances .( Conversation Pieces Vol.23)
260 _aSeattle
_bAqueduct Press
_c2008
300 _a153
_ccm.
650 _aEnglish
_9391590
942 _hO-944,3NVS,2, P8
_cTEXL
_2CC
999 _c707391
_d707391